000 00529nam a2200169 i 4500
001 71079
003 ES-MaACL
005 20230906171019.0
007 t|
008 040805s1912 fr ||||1| fre d
100 1 _aGatin, C. L.
_955962
245 1 4 _aLes palmiers
_b: histoire naturelle et horticole des différents genres /
_cpar C.L. Gatin.
260 _aParís :
_bOctave Doin et Fils,
_c1912 (
_fA. Taffin-Lefort)
300 _aIV, 338 p., XII :
_bil. ;
_c19 cm.
650 4 _aPalmeras.
_9159342
852 _aES-MaACL
_jD-4425
999 _c71079
_d71079